|
|
|
|
| LEADER |
00000cam a2200000 7i4500 |
| 001 |
0000000194 |
| 002 |
000000257 |
| 005 |
20060213.0 |
| 020 |
|
|
|a 9810100922
|
| 090 |
0 |
0 |
|a 423
|b TIM
|
| 245 |
0 |
0 |
|a Times first learners' thesaurus :
|b a dictionary of related words designed to increase children's word power ; illustrated by Jennifer Marchant
|
| 260 |
|
|
|a Singapore :
|b Federal Publication ,
|c 1990
|
| 300 |
|
|
|a 116p. :
|b ill. ;
|c 25cm.
|
| 650 |
0 |
0 |
|a Dictionaries
|x Juvenile literature
|
| 700 |
1 |
|
|a Marchant, Jennifer ,
|e illustrated
|
| 999 |
|
|
|a 019877
|b BUKU
|c PINJAMAN
|e PERPUSTAKAAN KOMUNITI PETALING JAYA
|
| 999 |
|
|
|a 027505
|b BUKU
|c JUNIOR REFERENCE
|e PERPUSTAKAAN KOMUNITI PETALING JAYA
|